Caste- based exclusion/ (Record no. 181500)

000 -LEADER
fixed length control field 00358nam a22001457a 4500
020 ## - INTERNATIONAL STANDARD BOOK NUMBER
ISBN 9788131607060
082 ## - DEWEY DECIMAL CLASSIFICATION NUMBER
Classification number 305.5688
Item number JAG/C
245 ## - TITLE STATEMENT
Title Caste- based exclusion/
Statement of responsibility, etc by Jagan Karade (ed.)
260 ## - PUBLICATION, DISTRIBUTION, ETC. (IMPRINT)
Place of publication Jaipur:
Name of publisher Rawat,
Year of publication 2015.
300 ## - PHYSICAL DESCRIPTION
Number of Pages 232p.
650 ## - SUBJECT ADDED ENTRY--TOPICAL TERM
Topical Term Caste System
650 ## - SUBJECT ADDED ENTRY--TOPICAL TERM
Topical Term Social Sciences
700 ## - ADDED ENTRY--PERSONAL NAME
Personal name Jagan Karade (ed.)
942 ## - ADDED ENTRY ELEMENTS (KOHA)
Koha item type Book
Holdings
Withdrawn status Lost status Damaged status Not for loan Permanent Location Current Location Shelving location Date acquired Cost, normal purchase price Full call number Accession Number Price effective from Koha item type
        Sree Sankaracharya University of Sanskrit Sree Sankaracharya University of Sanskrit Stacks 15.05.2026 995.00 305.5688 JAG/C 108701 15.05.2026 Book